Normal view MARC view

Entry Personal Name

Number of records used in: 1

001 - CONTROL NUMBER

  • control field: 2979

003 - CONTROL NUMBER IDENTIFIER

  • control field: OSt

005 - DATE AND TIME OF LATEST TRANSACTION

  • control field: 20211028141457.0

008 - FIXED-LENGTH DATA ELEMENTS

  • fixed length control field: 211028|| aca||aabn | a|a d

040 ## - CATALOGING SOURCE

  • Original cataloging agency: OSt
  • Transcribing agency: OSt

100 ## - HEADING--PERSONAL NAME

  • Personal name: Karkera, Snthosh B;Suchetha., Suchetha.
  • Miscellaneous information: 60471424

670 ## - SOURCE DATA FOUND

  • Source citation: Work cat.: (OSt): Karkera, Snthosh B;Suchetha., Suchetha. 60471424, V4 software system., 2009